000 00966nam a2200253Ia 4500
003 OSt
005 20200707183012.0
008 191128s2004 ck gr 000 0dspa d
020 _a9583366978
040 _aCO-JMCR
_cCO-JMCR
041 0 _aspa
082 0 4 _a330.986 /
_bA973o
_223
100 1 _aAyala Oramas, Ulpiano,
_eautor
_96837
245 1 0 _aObra escogida /
_cUlpiano Ayala Oramas ; editor Felipe Barrera Osorio
260 _aBogotá :
_bFedesarrollo,
_c2004.
300 _axii, 349 páginas ;
_c 23 cm.
500 _aIncluye datos biográficos en la cubierta Incluye y bibliografía al final de cada capítulo.
505 0 _aMercado laboral -- Educación y protección social -- Economía institucional -- Sistema pensional
650 1 4 _aMercado laboral
_zColombia
_96838
650 2 4 _aCondiciones económicas
_zColombia
_96839
650 2 4 _aCondiciones sociales
_zColombia
_96840
700 1 _aBarrera Osorio, Felipe,
_eeditor
_96841
942 _2ddc
_cBK
999 _c5612
_d5612